000 01082nam a2200301 i 4500
001 8333
003 KOSZ 005
005 20201130124413.0
008 070620s1969 pl a f 001 0 pol
015 _aPB 1969/7157
040 _aWA N
_cKOSZ 005/RW
_dKOSZ 005/RW
_dKOSZ 005/HR
046 _k1969
080 _a62-5
080 _a681.5
245 0 0 _aKierunki rozwojowe w dziedzinie elementów automatyki :
_bpraca zbiorowa /
_cpod red. Macieja Nałęcza ; aut. Andrzej Ambroziak [et al.].
260 _aWarszawa :
_bWydawnictwa Naukowo-Techniczne,
_c1969.
300 _a393, [3] s. :
_bil. ;
_c25 cm.
380 _aKsiążki.
388 _a1901-2000
504 _aBibliogr. przy rozdz. Indeks.
658 _aInżynieria i technika
650 4 _aAutomatyka
710 2 _aWydawnictwa Naukowo-Techniczne
_4pbl.
700 1 _aAmbroziak, Andrzej
_d(1935- )
_eAutor
700 1 _aNałęcz, Maciej
_d(1922-2009)
_eRedakcja
856 _uhttp://koha.tu.koszalin.pl/cgi-bin/koha/opac-detail.pl?biblionumber=8333
_yKatalog online BPK
942 _2UKD
_cKS
999 _c8333
_d8333